00221nam a22000977a 4500020001800000082001000018100001600028245003700044260003400081300000800115 a9788120343689 a333.7 aBerck,Peter aThe economics of the environment aNew DelhibPHI learningc2011 a508